00681nai a2200169Ia 4500003000900000008004100009022002300050040001600073245004800089260008600137310001400223362002500237521006900262650005800331650002900389856009300418IN-BaIIA211028c9999 xx s 000 0 eng d a2327-4662 (Online) cIIA Library 0aIEEE Internet of Things Journalh[eJournal] aNew York, USAbThe Institute of Electrical and Electronics Engineers, Inc. (IEEE) aBimonthly a1(1); 2014 - Present bSubscribed through National Knowledge Resource Consortium (NKRC) a Communication, Networking and Broadcast Technologies aComputing and Processing uhttps://ieeexplore.ieee.org/servlet/opac?punumber=6488907yClick Here to Access eJournal